| 000 | 01401cam a2200289 a 4500 | ||
|---|---|---|---|
| 001 | 15517807 | ||
| 003 | ARRUPE | ||
| 005 | 20141016020008.0 | ||
| 008 | 081110s2009 enk b 001 0 eng | ||
| 010 | _a 2008048189 | ||
| 020 | _a9780826446091 (hb) | ||
| 020 | _a9780826436641 (pb) | ||
| 040 |
_aDLC _cDLC _dDLC |
||
| 050 | 0 | 0 |
_aB1854 _b.P733 2009 |
| 082 | 0 | 0 |
_a194 _222 |
| 100 | 1 |
_aPrado, C. G. _96776 |
|
| 245 | 1 | 0 |
_aStarting with Descartes / _cD. G. Prado. |
| 260 |
_aLondon ; _aNew York : _bContinuum, _cc2009. |
||
| 300 |
_avi, 170 p. ; _c22 cm. |
||
| 504 | _aIncludes bibliographical references (p. 158-160) and index. | ||
| 505 | 0 | _aDescartes and his project -- The first meditation: methodological doubt -- The second meditation: the cogito -- The third meditation: the causal argument for god's existence -- A brief interlude -- The fourth meditation: explaining the possibility of error -- The fifth meditation: the ontological argument for god's existence -- The sixth meditation: the world's existence. | |
| 600 | 1 | 0 |
_aDescartes, René, _d1596-1650. _tMeditationes de prima philosophia. _96777 |
| 650 | 0 |
_aFirst philosophy. _96778 |
|
| 906 |
_a7 _bcbc _corignew _d1 _eecip _f20 _gy-gencatlg |
||
| 942 |
_2lcc _cMONOGRAPH _01 |
||
| 999 |
_c119603 _d119603 |
||